| 000 | 00788nam a2200217 a 4500 | ||
|---|---|---|---|
| 005 | 20231124063614.0 | ||
| 008 | 151023s1999 mx r 000 0 spa d | ||
| 020 | _a9683680372 | ||
| 035 | _aUPN01000206311 | ||
| 049 | _aCG | ||
| 050 | 4 |
_aJL1231 _bO3.7 |
|
| 100 | 1 |
_aOehmichen Bazán, María Cristina del Pilar _938114 |
|
| 245 | 1 | 0 |
_aReforma del estado : _bpolítica social e indigenísmo en México (1988-1996) / _cMa. Cristina Oehmichen Bazán. |
| 260 |
_aMéxico : _bUNAM, Instituto de Investigaciones Antropológicas, _c1999. |
||
| 300 | _a259 p. | ||
| 651 | 4 |
_aMéxico _xPolítica y gobierno _y1988-2000 _99515 |
|
| 650 | 4 |
_aIndígenas de México _xRelaciones con el gobierno _97938 |
|
| 650 | 4 |
_aAGENCIAS ADMINISTRATIVAS - _zMEXICO _92234 |
|
| 905 | _aLibro | ||
| 999 |
_c178412 _d178412 |
||